Normal view
MARC view
Entry Personal Name
001 - CONTROL NUMBER
- control field: 543799
003 - CONTROL NUMBER IDENTIFIER
- control field:
005 - DATE AND TIME OF LATEST TRANSACTION
- control field: 20210602173824.0
008 - FIXED-LENGTH DATA ELEMENTS
- fixed length control field: 210602|| aca||aabn | a|a d
040 ## - CATALOGING SOURCE
- Original cataloging agency:
- Transcribing agency:
100 ## - HEADING--PERSONAL NAME
- Personal name: Warrier, Shashi
670 ## - SOURCE DATA FOUND
- Source citation: Work cat.: (): Warrier, Shashi, Sally and the warlocks and other stories/, 2008
